Bezpečnostné požiadavky na prevádzkovanie krytov civilnej ochrany

Gespeichert in:
Bibliographische Detailangaben
1. Verfasser: Hrčka, Michal (Verfasst von)
Weitere Verfasser: Balog, Karol (Betreuung Doktorarbeit)
Format: Manuskript Buch
Sprache:Slowakisch
Veröffentlicht: 2020
Schlagworte:
Online-Zugang:http://is.stuba.sk/zp/portal_zp.pl?podrobnosti=148117
Tags: Tag hinzufügen
Keine Tags, Fügen Sie das erste Tag hinzu!

MARC

LEADER 00000ntm a22000003a 4500
001 stuzp81131
003 SK-STU
005 20200718211905.9
007 ta
008 150427s2015----xo-----f-mn---000-0-slo-d
040 |a STU  |b slo 
041 0 |a slo 
100 1 |a Hrčka, Michal  |u 065000  |4 aut  |U MTF Materiálovotechnologická fakulta  |T MTF Ústav integrovanej bezpečnosti  |X 65652  |U M5000  |Y 85  |7 65652 
242 0 1 |a Safety requirements for the operation of civilian shelters  |y eng 
245 1 0 |a Bezpečnostné požiadavky na prevádzkovanie krytov civilnej ochrany 
260 |c 2020 
650 4 |a kryty civilnej ochrany  |2 slo 
650 4 |a bezpečnosť  |2 slo 
650 4 |a civilná ochrana  |2 slo 
650 4 |a security  |2 eng 
650 4 |a civil protection  |2 eng 
650 4 |a civilian shelters  |2 eng 
700 1 |a Balog, Karol  |u 065000  |k Z1  |4 ths  |U MTF Materiálovotechnologická fakulta  |T MTF Ústav integrovanej bezpečnosti  |X 243  |U M5000  |Y 85  |7 A000000243 
856 4 |u http://is.stuba.sk/zp/portal_zp.pl?podrobnosti=148117 
996 |c M* BP-8839  |l MMSKP  |s P  |a 0  |w stuzp81131_0001